Catálogo
 En Linea

Algunos consejos útiles en el cuidado y corrección de los niños y niñas / (Registro nro. 31233)

Detalles MARC
000 -CABECERA
campo de control de longitud fija 00474nam a2200145 a 4500
001 - NÚMERO DE CONTROL
campo de control 000031741
005 - FECHA Y HORA DE LA ÚLTIMA TRANSACCIÓN
campo de control 20200930063138.0
008 - DATOS DE LONGITUD FIJA--INFORMACIÓN GENERAL
campo de control de longitud fija 110701s2003 dr r 000 | spa d
040 ## - FUENTE DE LA CATALOGACIÓN
Centro catalogador/agencia de origen DO-SdBNP
Lengua de catalogación spa
Centro/agencia transcriptor BNPHU
082 ## - NÚMERO DE LA CLASIFICACIÓN DECIMAL DEWEY
Número de clasificación xxxx
Número de documento/Ítem A657a
100 1# - ENTRADA PRINCIPAL--NOMBRE DE PERSONA
Nombre de persona Aquino Gómez, María,
Fechas asociadas al nombre 1952-
9 (RLIN) 57986
245 10 - MENCIÓN DE TÍTULO
Título Algunos consejos útiles en el cuidado y corrección de los niños y niñas /
Mención de responsabilidad, etc. María Aquino Gómez.
260 ## - PUBLICACIÓN, DISTRIBUCIÓN, ETC.
Lugar de publicación, distribución, etc. Ssanto Domingo :
Nombre del editor, distribuidor, etc. [s.n.],
Fecha de publicación, distribución, etc. 2003.
300 ## - DESCRIPCIÓN FÍSICA
Extensión 8 p. ;
Dimensiones 21 cm.
Existencias
Estado de retiro Estado de pérdida Restricciones de uso No para préstamo Código de colección Localización permanente Ubicación/localización actual Ubicación en estantería Fecha de adquisición Número de inventario Total de préstamos Signatura topográfica completa Código de barras Fecha visto por última vez Número de copia Precio válido a partir de Tipo de ítem Koha
        Dominicana de Servicio General General Depósito 01.05.2018 LF1   xxxx A657a 31741-30 25.06.2020 e. 3 25.06.2020 Libro y Folleto Colección Dominicana de Servicio
      Excluido de préstamo Patrimonio Dominicano Patrimonio Dominicano Patrimonio Dominicano Depósito 01.07.2011 LF1   xxxx A657a 31741-10 25.06.2020   25.06.2020 Libro y Folleto Colección Patrimonio Dominicano
      Excluido de préstamo Patrimonio Dominicano Patrimonio Dominicano Patrimonio Dominicano Depósito 01.07.2011 LF1   xxxx A657a 31741-20 25.06.2020 e. 2 25.06.2020 Libro y Folleto Colección Patrimonio Dominicano

Con tecnología Koha